<?xml version="1.0" encoding="UTF-8"?>
<record
    xmlns:xsi="http://www.w3.org/2001/XMLSchema-instance"
    xsi:schemaLocation="http://www.loc.gov/MARC21/slim http://www.loc.gov/standards/marcxml/schema/MARC21slim.xsd"
    xmlns="http://www.loc.gov/MARC21/slim">

  <leader>04240nam a2200277   4500</leader>
  <controlfield tag="003">DO-SdUA</controlfield>
  <controlfield tag="005">20250325093536.0</controlfield>
  <controlfield tag="008">      s2020    dr a|| |||| 0 |a||0|spa d</controlfield>
  <datafield tag="040" ind1=" " ind2=" ">
    <subfield code="a">DO-SdUA</subfield>
    <subfield code="b">spa</subfield>
    <subfield code="c">DO-SdUA</subfield>
  </datafield>
  <datafield tag="041" ind1="0" ind2=" ">
    <subfield code="a">spa</subfield>
  </datafield>
  <datafield tag="092" ind1=" " ind2=" ">
    <subfield code="a">MA-EFD 0116 FCE 2020</subfield>
  </datafield>
  <datafield tag="100" ind1="1" ind2=" ">
    <subfield code="a">Rodr&#xED;guez Guerrero, Jackeline </subfield>
  </datafield>
  <datafield tag="245" ind1="1" ind2="0">
    <subfield code="a">Sistema de acciones para el mejoramiento de la coordinaci&#xF3;n gruesa en los estudiantes de 5to grado de primaria de la Escuela Primaria Berenita Araujo, Distrito Educativo 04-02 /</subfield>
    <subfield code="c">Jackeline Rodr&#xED;guez Guerrero.</subfield>
  </datafield>
  <datafield tag="246" ind1="3" ind2="3">
    <subfield code="a">Sistema de acciones para el mejoramiento de la coordinaci&#xF3;n gruesa en los estudiantes de 5to grado de primaria de la Escuela Primaria Berenita Araujo, Distrito Educativo 04-02, San Crist&#xF3;bal, 2018-2019</subfield>
  </datafield>
  <datafield tag="260" ind1=" " ind2=" ">
    <subfield code="a">Santo Domingo :</subfield>
    <subfield code="b">UASD,</subfield>
    <subfield code="c">2020.</subfield>
  </datafield>
  <datafield tag="300" ind1=" " ind2=" ">
    <subfield code="a">97 h. :</subfield>
    <subfield code="b">il.</subfield>
  </datafield>
  <datafield tag="502" ind1=" " ind2=" ">
    <subfield code="a">Tesis y trabajo de grado (Maestr&#xED;a en Educaci&#xF3;n F&#xED;sica y el Deporte)--Universidad Aut&#xF3;noma de Santo Domingo, Santo Domingo, 2020.</subfield>
  </datafield>
  <datafield tag="504" ind1=" " ind2=" ">
    <subfield code="a">Incluye referencias bibliogr&#xE1;ficas y anexos.</subfield>
  </datafield>
  <datafield tag="520" ind1="3" ind2=" ">
    <subfield code="a">El objetivo general de esta investigaci&#xF3;n es determinar las dificultades que presentan los estudiantes de 5to grado de la Escuela Primaria Berenita Araujo del Distrito Educativo 04-02, para desarrollar a la coordinaci&#xF3;n gruesa durante el a&#xF1;o escolar 2018-2019. El enfoque de esta investigaci&#xF3;n es cuantitativo. La poblaci&#xF3;n estuvo compuesta por los 35 alumnos que se encuentran registrados en el 5to grado, durante el a&#xF1;o escolar 2019-2020 y el Equipo de Gesti&#xF3;n el cual est&#xE1; compuesto por 5 integrantes. Se trabaj&#xF3; como muestra con el 100% de la poblaci&#xF3;n. Como t&#xE9;cnicas se utilizaron una gu&#xED;a de observaci&#xF3;n y la encuesta, y como instrumentos se utilizaron una gu&#xED;a de observaci&#xF3;n y un cuestionario. Se concluye que a pesar de que el 60% del Equipo de Gesti&#xF3;n, afirma que la docente posee las competencias y habilidades para implementar el desarrollo de la coordinaci&#xF3;n gruesa en los alumnos, esta no logra implementar los conocimientos que tiene respecto al tema, puesto que se deben utilizar diversas estrategias y actividades, para implementar este importante contenido en la hora de educaci&#xF3;n f&#xED;sica, tomando en cuenta el curr&#xED;culo del Nivel Primario y los Niveles de Dominio, para lograr los objetivos deseados de la clase impartida, para que los ni&#xF1;os aparte de desarrollar la motricidad, tambi&#xE9;n puedan disfrutar jugando. La docente no considera importante el desarrollo de la coordinaci&#xF3;n gruesa en los alumnos, dato confirmado en la observaci&#xF3;n de la gu&#xED;a de los alumnos, por la deficiencia al impartir la docencia, pues la falta de inter&#xE9;s y motivaci&#xF3;n estuvo presente. A pesar de recibir orientaciones por parte de la docente, el 83% no comprendi&#xF3; como realizar los ejercicios. El 74% de los alumnos no se guiaron de la maestra para hacer los ejercicios. 33 alumnos con un 94%, no fue motivado por la docente para seguir realizando los ejercicios. El 77%, no supo desplazarse en hileras o filas frontales y laterales de forma ordenada. Se elabor&#xF3; una gu&#xED;a de sistema de acciones para el mejoramiento del desarrollo de la coordinaci&#xF3;n gruesa en los estudiantes de 5to grado de la Escuela Primaria Berenita Araujo Del Distrito 04-02. Se recomend&#xF3; que la docente debe fortalecer su &#xE1;rea de trabajo, ya que por los resultados obtenidos se muestra no poseer las competencias necesarias que demanda el sistema educativo en pleno siglo XXI, ya que en la observaci&#xF3;n realizada a los ni&#xF1;os de 5to grado no pudieron mostrar que han desarrollado la coordinaci&#xF3;n gruesa. Que la docente sea capacitada cada cierto tiempo para estar al d&#xED;a con los contenidos y aprender diversas m&#xE9;todos y estrategias, adem&#xE1;s de aplicarlas en sus horas de clase. Que el Equipo de Gesti&#xF3;n le d&#xE9; seguimiento a las docencias, guiar y orientar a la maestra cuando se amerite.</subfield>
  </datafield>
  <datafield tag="530" ind1=" " ind2=" ">
    <subfield code="a">Tambi&#xE9;n disponible en CD-ROM (CD MA-EFD 0116 FCE 2020).</subfield>
  </datafield>
  <datafield tag="650" ind1=" " ind2="7">
    <subfield code="2">lemb</subfield>
    <subfield code="9">2171</subfield>
    <subfield code="a">Aptitud motora </subfield>
    <subfield code="x">Estrategia y t&#xE9;cnicas</subfield>
  </datafield>
  <datafield tag="650" ind1=" " ind2="7">
    <subfield code="2">lemb</subfield>
    <subfield code="9">10542</subfield>
    <subfield code="a">Educaci&#xF3;n primaria</subfield>
    <subfield code="x">Investigaciones</subfield>
  </datafield>
  <datafield tag="650" ind1=" " ind2="7">
    <subfield code="2">lemb</subfield>
    <subfield code="9">10444</subfield>
    <subfield code="a">Educaci&#xF3;n f&#xED;sica</subfield>
    <subfield code="x">Aspectos fisiol&#xF3;gicos</subfield>
  </datafield>
  <datafield tag="830" ind1=" " ind2=" ">
    <subfield code="a">Tesis y disertaciones acad&#xE9;micas (Universidad Aut&#xF3;noma de Santo Domingo)</subfield>
  </datafield>
  <datafield tag="942" ind1=" " ind2=" ">
    <subfield code="2">cl</subfield>
    <subfield code="c">T</subfield>
    <subfield code="n">0</subfield>
  </datafield>
  <datafield tag="999" ind1=" " ind2=" ">
    <subfield code="c">12672</subfield>
    <subfield code="d">12672</subfield>
  </datafield>
</record>
